000 00947pam a2200313 a 4500
001 11369888
003 OSt
005 20210420054858.0
008 841101s1985 us a 00110 eng d
010 _a 84023169
020 _a0803682115 (pbk.)
025 _a000000061367
040 _aNLM
_cNLM
_dYYE
049 _aVZYM
080 _a616.8
_bS-89
096 _aWL 141 S927m 1985
100 1 0 _aStrub, Richard L.,
_d1939-
245 1 4 _aThe mental status examination in neurology /
_cRichard L. Strub, F. William Black ; foreword by Norman Geschwind.
250 _a2nd ed.
260 0 _aPhiladelphia :
_bF.A. Davis,
_cc1985.
300 _axi, 232 p. :
_bill.
590 _ac.1 6721-87 Login 10/31/85 $16 FOE gw.
650 2 _aNervous System Diseases
_xdiagnosis.
650 2 _aNeurologic Examination.
653 _aნევროლოგია
700 1 0 _aBlack, F. William.
700 0 _aStrub,L.Richard
_9355
942 _2udc
_cBK
999 _c447
_d447